logo

Bir Sreshtho Munshi Abdur Rouf Library
Jhenaidah Cadet College

You can heal your life / (Record no. 11356)

MARC details
000 -LEADER
fixed length control field 00743nam a2200265 a 4500
001 - CONTROL NUMBER
JCCL Control Number 11356
003 - CONTROL NUMBER IDENTIFIER
JCCL marc code BD-JhCC
005 - DATE AND TIME OF LATEST TRANSACTION
control field 20220228134022.0
008 - FIXED-LENGTH DATA ELEMENTS--GENERAL INFORMATION
fixed length control field 190901r20191984enk 000 0 eng
020 ## - INTERNATIONAL STANDARD BOOK NUMBER
International Standard Book Number 9788190565585
035 ## - SYSTEM CONTROL NUMBER
system control number (BD-JhCC)11356
040 ## - CATALOGING SOURCE
Original cataloging agency StDuBDS
Transcribing agency StDuBDS
Modifying agency WlAbNL
-- Uk
-- BD-JhCC
041 ## - LANGUAGE CODE
Language code of Book eng
082 04 - DEWEY DECIMAL CLASSIFICATION NUMBER
Classification number 158
DDC Edition number 22
Author mark and Year HAY 2017
100 1# - MAIN ENTRY--PERSONAL NAME
Personal name Hay, Louise
245 10 - TITLE STATEMENT
Title You can heal your life /
Statement of responsibility, etc Louise Hay
260 ## - PUBLICATION, DISTRIBUTION, ETC. (IMPRINT)
Place of publication, distribution, etc London :
Name of publisher, distributor, etc Hay House India,
Date of publication, distribution, etc 2019 [reprint].
300 ## - PHYSICAL DESCRIPTION
Pagination xiii, 253 p. :
Dimensions 20 cm.
500 ## - GENERAL NOTE
General note Originally published: 2006.
500 ## - GENERAL NOTE
General note Formerly CIP.
Institution to which field applies Uk
504 ## - BIBLIOGRAPHY, ETC. NOTE
Bibliography, etc Includes index
650 ## - SUBJECT ADDED ENTRY--TOPICAL TERM
Topical term or geographic name as entry element Self-actualization (Psychology)
650 ## - SUBJECT ADDED ENTRY--TOPICAL TERM
Topical term or geographic name as entry element Mind and body
942 ## - ADDED ENTRY ELEMENTS (KOHA)
Source of classification or shelving scheme Dewey Decimal Classification
Koha item type Books
Koha issues (borrowed), all copies 8
Holdings
Source of classification or shelving scheme Damaged status Not for loan Home library Current library Shelving location Date of accession Cost, normal purchase price Total Checkouts Full call number Barcode Date last seen Date checked out Copy number Koha item type
Dewey Decimal Classification     JCC Rouf Library JCC Rouf Library General Stacks 09/01/2019 810.00 6 158 HAY 2019 15525 10/14/2023 09/07/2023 C-1 Books

JCC Library | Contacts | JCC Home

Last Update on 23 September 2017
Copyright @ 2017-2020 JCC Rouf Library
Rouf Library, Jhenidah Cadet College (JCC), Bangladesh